[Event "Mondiale Lampo FIDE 2019"]
[Site "Mosca"]
[Date "29.12.2019"]
[Round "8.103"]
[White "Masrahi, Abdulrahman A"]
[Black "Al Mutairi, Hassan S"]
[Result "1/2-1/2"]
[WhiteTitle "CM"]
[BlackTitle "CM"]
[WhiteElo "1956"]
[BlackElo "1883"]
[WhiteFideId "21501564"]
[BlackFideId "21500193"]
[EventDate "2019.12.29"]

1. d4 d6 2. Nf3 Nf6 3. Nc3 Nbd7 4. e4 e5 5. dxe5 dxe5 6. Bc4 Bb4 7. Qe2 Bxc3+ 8.
bxc3 O-O 9. O-O Re8 10. Bg5 h6 11. Bxf6 Qxf6 12. Rfd1 Nc5 13. h3 Be6 14. Bxe6
Nxe6 15. Qe3 Nf4 16. Rd2 Red8 17. Rad1 Rxd2 18. Rxd2 Rd8 19. Rxd8+ Qxd8 1/2-1/2

[Event "Mondiale Lampo FIDE 2019"]
[Site "Mosca"]
[Date "29.12.2019"]
[Round "9.2"]
[White "Jobava, Baadur"]
[Black "Carlsen, Magnus"]
[Result "0-1"]
[WhiteTitle "GM"]
[BlackTitle "GM"]
[WhiteElo "2604"]
[BlackElo "2872"]
[WhiteFideId "13601520"]
[BlackFideId "1503014"]
[EventDate "2019.12.29"]

1. b3 g6 2. Bb2 Nf6 3. Bxf6 exf6 4. c4 d5 5. cxd5 Qxd5 6. Nc3 Qa5 7. a3 c6 8. e3
f5 9. g3 Bd6 10. Bg2 Nd7 11. Nge2 Nf6 12. O-O O-O 13. b4 Qd8 14. d4 Qe7 15. Rb1
a5 16. b5 Bxa3 17. bxc6 bxc6 18. Bxc6 Ra6 19. Nd5 Nxd5 20. Bxd5 Bb4 21. Nf4 Bd6
22. Qf3 a4 23. Rfc1 a3 24. Ba2 Ra7 25. Nd5 Qd8 26. h4 Be6 27. Kg2 h5 28. Nc3
Bxa2 29. Nxa2 Rc7 30. Qd5 Qa8 31. Qxa8 Rxa8 32. Rxc7 Bxc7 33. Kf3 Kf8 34. Ke2
Bd6 35. Kd3 Ke7 36. Rb7+ Ke6 37. Rb6 Ra7 38. Kc2 Kd7 39. Kb1 Kc7 40. Rb3 Rb7 41.
Kc2 Rxb3 42. Kxb3 Kc6 43. Nc3 f6 44. Kc4 g5 45. f4 g4 46. Kb3 Bf8 47. Nb1 Bb4
48. Nc3 a2 49. Nxa2 Be1 50. Kc4 Bxg3 51. Nb4+ Kd6 52. Kd3 Bxh4 53. e4 fxe4+ 54.
Kxe4 Bg3 55. f5 h4 56. Nd5 h3 0-1

[Event "Mondiale Lampo FIDE 2019"]
[Site "Mosca"]
[Date "29.12.2019"]
[Round "9.3"]
[White "Fedoseev, Vladimir3"]
[Black "Socko, Bartosz"]
[Result "0-1"]
[WhiteTitle "GM"]
[BlackTitle "GM"]
[WhiteElo "2677"]
[BlackElo "2618"]
[WhiteFideId "24130737"]
[BlackFideId "1107038"]
[EventDate "2019.12.29"]

1. d4 Nf6 2. c4 e6 3. Nc3 Bb4 4. f3 c5 5. d5 O-O 6. e4 d6 7. Ne2 exd5 8. cxd5 b5
9. a4 bxa4 10. Rxa4 Nbd7 11. Ng3 Re8 12. Be2 Nb6 13. Ra1 c4 14. O-O Bc5+ 15. Kh1
Bd7 16. Bf4 h6 17. Qc1 Qe7 18. Rd1 Nh7 19. Be3 Bxe3 20. Qxe3 Qh4 21. Qd4 Nf6 22.
Kg1 Qf4 23. Nf1 h5 24. Qe3 Qe5 25. h4 Nh7 26. Qf2 f5 27. f4 Qe7 28. Bxh5 Rf8 29.
Re1 Nf6 30. exf5 Qd8 31. Bg6 Nbxd5 32. Nxd5 Nxd5 33. Qd4 Qb6 34. Qxb6 axb6 35.
Rad1 Nxf4 36. Rxd6 Bxf5 37. Bxf5 Rxf5 38. Rxb6 Nd3 39. Ng3 Rf2 40. Re7 Ra1+ 41.
Kh2 Nf4 42. Rxg7+ Kxg7 43. Nf5+ Kf7 44. Kg3 Raf1 45. Ne3 Ne2+ 46. Kh2 Rf4 47.
Rh6 Rb1 48. Nd5 Rd4 49. Rh5 Kg6 50. Rg5+ Kh6 51. g3 Rxb2 52. Ne3 Nf4+ 53. Kg1
Nh3+ 54. Kf1 Nxg5 55. Nf5+ Kh5 56. Nxd4 Ne4 57. Nf5 c3 0-1

[Event "Mondiale Lampo FIDE 2019"]
[Site "Mosca"]
[Date "29.12.2019"]
[Round "9.4"]
[White "Karjakin, Sergey"]
[Black "Vidit, Santosh Gujrathi"]
[Result "0-1"]
[WhiteTitle "GM"]
[BlackTitle "GM"]
[WhiteElo "2754"]
[BlackElo "2721"]
[WhiteFideId "14109603"]
[BlackFideId "5029465"]
[EventDate "2019.12.29"]

1. e4 e5 2. Nf3 Nc6 3. Bb5 Nf6 4. d3 Bc5 5. O-O Nd4 6. Nxd4 Bxd4 7. Ba4 c6 8. c3
Bb6 9. Na3 d6 10. Bb3 Qe7 11. Nc4 Bc7 12. f4 b5 13. fxe5 dxe5 14. Ne3 O-O 15.
Nf5 Bxf5 16. Rxf5 h6 17. Qf3 Nh7 18. Bd2 Rad8 19. Rf1 Rd7 20. Qh5 Qe8 21. R5f3
a5 22. a4 bxa4 23. Bxa4 Rd6 24. Bb3 Rd7 25. Be3 Bd6 26. Bc4 a4 27. Bc1 Rb7 28.
h3 Ra7 29. Kh2 Rb7 30. h4 Ra7 31. Rf5 Re7 32. R5f3 Rb7 33. Qg4 Kh8 34. Qh5 f6 0-1

[Event "Mondiale Lampo FIDE 2019"]
[Site "Mosca"]
[Date "29.12.2019"]
[Round "9.5"]
[White "Yu, Yangyi"]
[Black "Sargissian, Gabriel"]
[Result "1/2-1/2"]
[WhiteTitle "GM"]
[BlackTitle "GM"]
[WhiteElo "2738"]
[BlackElo "2689"]
[WhiteFideId "8603820"]
[BlackFideId "13300881"]
[EventDate "2019.12.29"]

1. e4 e5 2. Nf3 Nc6 3. Nc3 Nf6 4. Bb5 Bd6 5. d3 h6 6. O-O a6 7. Bxc6 dxc6 8. Ne2
O-O 9. Ng3 Re8 10. a4 a5 11. h3 Bf8 12. b3 c5 13. Bb2 Nd7 14. Kh1 Ra6 15. Nd2
Nb8 16. Nc4 Nc6 17. Ne2 Nd4 18. Nxd4 cxd4 19. f4 exf4 20. Rxf4 Be6 21. Qd2 Bxc4
22. bxc4 Rb6 23. Qc1 Rf6 24. Qf1 Rxf4 25. Qxf4 Bd6 26. Qf3 Be5 27. Rf1 Qd7 28.
Bc1 Re6 29. Qh5 Qe8 30. Bd2 b6 31. Kg1 Re7 32. Qg4 Re6 33. Qh5 Re7 34. Qg4 Re6
35. Qh5 1/2-1/2

[Event "Mondiale Lampo FIDE 2019"]
[Site "Mosca"]
[Date "29.12.2019"]
[Round "9.6"]
[White "Duda, Jan-Krzysztof"]
[Black "Mamedov, Rauf"]
[Result "1-0"]
[WhiteTitle "GM"]
[BlackTitle "GM"]
[WhiteElo "2758"]
[BlackElo "2659"]
[WhiteFideId "1170546"]
[BlackFideId "13401653"]
[EventDate "2019.12.29"]

1. d4 d5 2. Bf4 Bf5 3. e3 e6 4. c4 Bxb1 5. Qxb1 Bb4+ 6. Kd1 Nf6 7. Nf3 O-O 8.
Bg3 c5 9. a3 Ba5 10. b4 cxd4 11. bxa5 dxe3 12. fxe3 dxc4+ 13. Ke1 Nc6 14. Bxc4
Qxa5+ 15. Ke2 Rac8 16. Qb5 Ne4 17. Qxa5 Nxa5 18. Bd3 Nc3+ 19. Kf2 Nb3 20. Rae1
Rfd8 21. Bc2 Nc5 22. Rc1 N5e4+ 23. Bxe4 Nxe4+ 24. Ke2 Nc3+ 25. Kf1 f6 26. Be1
Ne4 27. Rxc8 Rxc8 28. Ke2 Rc1 29. Rf1 Ra1 30. Bb4 Ra2+ 31. Kd3 f5 32. Nd2 Nxd2
33. Bxd2 Rxa3+ 34. Bc3 b5 35. Rb1 a6 36. Kc2 Ra2+ 37. Bb2 Ra4 38. Rd1 Rc4+ 39.
Kb3 Re4 40. Rd8+ Kf7 41. Rd7+ Ke8 42. Rxg7 Rxe3+ 43. Kb4 h5 44. Bf6 h4 45. h3
Rd3 46. Ka5 f4 47. Bxh4 f3 48. gxf3 Rxf3 49. Bg3 e5 50. Kxa6 b4 51. Bxe5 Rxh3
52. Rb7 Rh6+ 53. Ka7 Re6 54. Rb8+ Kd7 55. Bd4 Re4 56. Bc5 Kc6 57. Bxb4 Re2 58.
Rb6+ Kd5 59. Bf8 Re8 60. Bb4 Re2 61. Ka6 Rb2 62. Kb5 Re2 63. Rd6+ Ke5 64. Bc5
Rb2+ 65. Kc6 Rc2 66. Rd8 Ke4 67. Re8+ Kd3 68. Kd5 Re2 69. Ra8 Rc2 70. Bd4 Rc7
71. Ra3+ Ke2 72. Be5 Re7 73. Ke4 Re8 74. Ra2+ Ke1 75. Rb2 Re7 76. Kd4 Kf1 77.
Bf4 Re2 78. Rb1+ Re1 79. Rb3 Re8 80. Be3 Ke2 81. Rb2+ Kf3 82. Rf2+ Kg3 83. Rf7
Kg4 84. Bf4 Kf3 85. Be5+ Ke2 86. Bg3 Rd8+ 87. Ke4 Re8+ 88. Be5 Ke1 89. Rf5 Ke2
90. Rh5 Ke1 91. Ke3 Kd1 92. Kd3 Ke1 93. Rf5 Rd8+ 94. Bd4 Rd7 95. Rf8 Rd6 96. Rb8
Kf1 97. Rg8 1-0

[Event "Mondiale Lampo FIDE 2019"]
[Site "Mosca"]
[Date "29.12.2019"]
[Round "9.7"]
[White "Andreikin, Dmitry"]
[Black "Abdusattorov, Nodirbek"]
[Result "1-0"]
[WhiteTitle "GM"]
[BlackTitle "GM"]
[WhiteElo "2724"]
[BlackElo "2635"]
[WhiteFideId "4158814"]
[BlackFideId "14204118"]
[EventDate "2019.12.29"]

1. d4 Nf6 2. c4 e6 3. Nf3 d5 4. e3 a6 5. b3 c5 6. Bb2 Nc6 7. cxd5 exd5 8. Be2
cxd4 9. Nxd4 Bb4+ 10. Bc3 Qa5 11. Qd2 Nxd4 12. Qxd4 Bxc3+ 13. Nxc3 O-O 14. O-O
Be6 15. b4 Qc7 16. Rac1 Rac8 17. Bd3 Qd7 18. a4 Rc7 19. b5 axb5 20. Nxb5 Rxc1
21. Rxc1 Rc8 22. Rc5 Ne4 23. Bxe4 dxe4 24. Rxc8+ Qxc8 25. h3 h6 26. Qxe4 b6 27.
Qd4 Qc6 28. Nc3 Bb3 29. e4 Kh7 30. f4 f6 31. Kf2 Bc2 32. e5 fxe5 33. fxe5 Bf5
34. Kg1 Bc2 35. Kh2 Bg6 36. Nd5 Qc2 37. e6 Be4 38. Ne3 Qc7+ 39. Kg1 Qc1+ 40. Kf2
Bg6 41. e7 Qc7 42. Nd5 Qc2+ 43. Kg1 Qc6 44. Kf2 Be8 45. Qe4+ Kh8 46. Qe5 Qxa4
47. Nc7 Qc2+ 48. Kg1 Qc6 49. Nxe8 Qxe8 50. Qd6 Kg8 51. Qd5+ 1-0

[Event "Mondiale Lampo FIDE 2019"]
[Site "Mosca"]
[Date "29.12.2019"]
[Round "9.8"]
[White "Dreev, Aleksey"]
[Black "Dubov, Daniil"]
[Result "1/2-1/2"]
[WhiteTitle "GM"]
[BlackTitle "GM"]
[WhiteElo "2677"]
[BlackElo "2690"]
[WhiteFideId "4100107"]
[BlackFideId "24126055"]
[EventDate "2019.12.29"]

1. d4 d5 2. Nf3 Nf6 3. c4 e6 4. Nc3 Bb4 5. cxd5 exd5 6. Bg5 h6 7. Bxf6 Qxf6 8.
e3 c6 9. Bd3 O-O 10. O-O Nd7 11. Qb3 a5 12. a3 Bd6 13. e4 a4 14. Nxa4 dxe4 15.
Bxe4 Qf4 16. Nc3 Nf6 17. Rfe1 Be6 1/2-1/2

[Event "Mondiale Lampo FIDE 2019"]
[Site "Mosca"]
[Date "29.12.2019"]
[Round "9.9"]
[White "Quparadze, Giga"]
[Black "Matlakov, Maxim"]
[Result "1/2-1/2"]
[WhiteTitle "GM"]
[BlackTitle "GM"]
[WhiteElo "2462"]
[BlackElo "2699"]
[WhiteFideId "13602250"]
[BlackFideId "4168003"]
[EventDate "2019.12.29"]

1. e4 e5 2. Nf3 Nc6 3. Bb5 a6 4. Ba4 Nf6 5. O-O Be7 6. Re1 b5 7. Bb3 O-O 8. a4
b4 9. d4 d6 10. dxe5 Nxe5 11. Nxe5 dxe5 12. Qe2 Bc5 13. Be3 Bd4 14. Bxd4 Qxd4
15. c3 bxc3 16. bxc3 Qc5 17. Nd2 Rd8 18. Qc4 Qe7 19. Qe2 a5 20. Nf3 h6 21. Rab1
Qc5 22. Qc4 Qe7 23. Qe2 Bg4 24. h3 Bxf3 25. Qxf3 Qc5 26. Qe3 Qxe3 27. Rxe3 Rab8
28. Ree1 Kf8 29. f3 Ke7 30. Bc4 Nd7 31. Bb5 Nc5 32. Rbd1 f6 33. Kf2 Rxd1 34.
Rxd1 Rd8 35. Rb1 Rd2+ 36. Kg3 Rc2 37. h4 Rxc3 38. Kg4 Rc2 39. g3 Ne6 40. h5 Rc3
41. Ba6 Nd4 42. f4 Re3 43. Bb7 c6 44. Rb6 Rxe4 45. Ra6 f5+ 46. Kh3 exf4 47. gxf4
Rxf4 48. Rxa5 Rf3+ 49. Kg2 Ra3 50. Ra7 Kf6 51. a5 f4 52. Ra8 Ra2+ 53. Kh3 Kg5
54. Rg8 Nf3 55. Rxg7+ Kxh5 56. Rg2 Ng5+ 57. Kh2 Nf3+ 58. Kh3 Ng5+ 59. Kh2 Rxa5
60. Bxc6 f3 61. Rc2 Ra1 62. Kg3 Rg1+ 63. Kh2 Re1 64. Kg3 Rg1+ 65. Kh2 Rg4 66.
Rf2 Rh4+ 67. Kg3 Rh3+ 68. Kf4 Ne6+ 69. Ke5 Ng5 70. Kf4 Rh4+ 71. Kf5 Rh3 72. Kf4
Rh4+ 73. Kf5 Rh3 74. Kf4 Rh4+ 75. Kf5 Rh3 1/2-1/2

[Event "Mondiale Lampo FIDE 2019"]
[Site "Mosca"]
[Date "29.12.2019"]
[Round "9.10"]
[White "Savchenko, Boris"]
[Black "Kramnik, Vladimir"]
[Result "1-0"]
[WhiteTitle "GM"]
[BlackTitle "GM"]
[WhiteElo "2577"]
[BlackElo "2753"]
[WhiteFideId "4147332"]
[BlackFideId "4101588"]
[EventDate "2019.12.29"]

1. e4 e5 2. Nf3 Nc6 3. Bc4 Bc5 4. c3 Nf6 5. d3 a6 6. Bb3 d6 7. Nbd2 O-O 8. h3
Be6 9. Nf1 Bxb3 10. axb3 d5 11. Qc2 Qd7 12. b4 dxe4 13. dxe4 Bxb4 14. cxb4 Nxb4
15. Qc4 Nd3+ 16. Ke2 Rfd8 17. Ng3 b5 18. Qc3 Nf4+ 19. Bxf4 exf4 20. Nf5 b4 21.
Qc4 Re8 22. N5d4 c5 23. Qxc5 Nxe4 24. Qc6 Ng3+ 25. Kd3 Qxc6 26. Nxc6 Nxh1 27.
Rxh1 a5 28. Nfd4 a4 29. Nxb4 a3 30. b3 Reb8 31. Nbc2 Rb6 32. Ra1 a2 33. Kc3 Rg6
34. Rg1 f3 35. g4 Rh6 36. Rh1 Rd6 37. Kb2 h5 38. gxh5 Rh6 39. Nxf3 Rxh5 40. Nfd4
Rh4 41. b4 Rf4 42. f3 f6 43. b5 Kf7 44. Ra1 Rb8 45. Rxa2 g5 46. Ra7+ Kg6 47. Kc3
Rh4 48. Kc4 Rxh3 49. Nc6 Rc8 50. Nd4 Rh1 51. b6 Rc1+ 52. Kd5 Re8 53. b7 Rb1 54.
Ra8 Re3 55. b8=Q Rxb8 56. Rxb8 Ra3 57. Ne7+ Kf7 58. Nef5 Ra5+ 59. Rb5 Ra7 60.
Ke4 Kg6 61. Ke3 Ra3+ 62. Kf2 Rd3 63. Rb7 Rd1 64. Rg7+ Kh5 65. Ng3+ 1-0

[Event "Mondiale Lampo FIDE 2019"]
[Site "Mosca"]
[Date "29.12.2019"]
[Round "9.11"]
[White "Mamedyarov, Shakhriyar"]
[Black "Motylev, Alexander"]
[Result "1-0"]
[WhiteTitle "GM"]
[BlackTitle "GM"]
[WhiteElo "2772"]
[BlackElo "2640"]
[WhiteFideId "13401319"]
[BlackFideId "4121830"]
[EventDate "2019.12.29"]

1. d4 d5 2. c4 c6 3. Nf3 Nf6 4. Qb3 a6 5. Bf4 dxc4 6. Qxc4 Be6 7. Qc2 g6 8. e4
Bg7 9. Nc3 Bg4 10. O-O-O O-O 11. Kb1 Nbd7 12. Be2 Qa5 13. Bd2 Qc7 14. e5 Bf5 15.
Bd3 Bxd3 16. Qxd3 Nd5 17. Nxd5 cxd5 18. h4 Rfc8 19. Rc1 Qb6 20. h5 gxh5 21. Nh4
e6 22. f4 f5 23. Nf3 Qb5 24. Qxb5 axb5 25. Rcg1 Nf8 26. Rxh5 Ra6 27. g4 fxg4 28.
Rxg4 Rc7 29. Bb4 Ng6 30. Ng5 Rc4 31. Nxh7 Rxb4 32. Rxg6 Rxd4 33. Rg4 Rd1+ 34.
Kc2 Rf1 35. Nf6+ Kf8 36. Nd7+ Kf7 37. Rh7 Rc6+ 38. Kd2 Rf2+ 39. Ke1 Rxb2 40.
Rgxg7+ 1-0

[Event "Mondiale Lampo FIDE 2019"]
[Site "Mosca"]
[Date "29.12.2019"]
[Round "9.12"]
[White "Kobalia, Mikhail"]
[Black "Ponkratov, Pavel"]
[Result "0-1"]
[WhiteTitle "GM"]
[BlackTitle "GM"]
[WhiteElo "2609"]
[BlackElo "2632"]
[WhiteFideId "4119150"]
[BlackFideId "4157800"]
[EventDate "2019.12.29"]

1. e4 e5 2. Nf3 Nc6 3. Bc4 Nf6 4. O-O Nxe4 5. d4 d5 6. Bb5 exd4 7. Nxd4 Bd7 8.
Bxc6 bxc6 9. f3 Nf6 10. Bg5 Be7 11. Nc3 O-O 12. Re1 Re8 13. Kh1 Rb8 14. Qd2 c5
15. Nb3 c4 16. Nd4 c5 17. Nde2 d4 18. Bxf6 Bxf6 19. Ne4 Be7 20. c3 d3 21. N2g3
f5 22. Nf2 Bf8 23. b3 Rxe1+ 24. Rxe1 cxb3 25. axb3 Be8 26. Nxd3 Rxb3 27. Qc2 c4
28. Ne5 Qf6 29. Nxf5 Rb5 30. f4 Bg6 31. Nxg6 Qxf5 32. Qxf5 Rxf5 33. Nxf8 Kxf8
34. g3 a5 35. Kg2 a4 36. Ra1 Ra5 37. Kf3 a3 38. Ra2 Ke7 39. Ke4 Kd6 40. Kd4 Ra4
41. f5 Kc6 42. g4 Kb5 43. g5 Ra8 44. f6 gxf6 45. gxf6 Rd8+ 46. Ke5 Ka4 47. f7
Kb3 48. Ra1 a2 49. Kf6 Kb2 50. Re1 a1=Q 51. Rxa1 Kxa1 52. Ke7 Ra8 53. f8=Q Rxf8
54. Kxf8 Kb2 55. Kg7 h5 56. Kg6 Kxc3 57. Kxh5 Kd4 0-1

[Event "Mondiale Lampo FIDE 2019"]
[Site "Mosca"]
[Date "29.12.2019"]
[Round "9.13"]
[White "Tari, Aryan"]
[Black "Firouzja, Alireza"]
[Result "0-1"]
[WhiteTitle "GM"]
[BlackTitle "GM"]
[WhiteElo "2634"]
[BlackElo "2723"]
[WhiteFideId "1510045"]
[BlackFideId "12573981"]
[EventDate "2019.12.29"]

1. e4 c5 2. Nf3 e6 3. d4 cxd4 4. Nxd4 a6 5. c4 Nf6 6. Nc3 Qc7 7. a3 b6 8. Be3
Bb7 9. f3 Be7 10. Be2 O-O 11. O-O d6 12. Qd2 Nbd7 13. Rfc1 Rac8 14. a4 Ne5 15.
Qe1 Qb8 16. b3 Bd8 17. Kh1 Bc7 18. Bg1 Rfe8 19. Qd2 Ng6 20. Re1 Rcd8 21. Rad1 h5
22. Bf1 h4 23. Qc2 Ne5 24. Qf2 h3 25. g3 d5 26. Bxh3 dxe4 27. fxe4 Kh7 28. Bg2
Rh8 29. Qe2 Kg8 30. Nf3 Rxd1 31. Rxd1 Nxf3 32. Bxf3 Bxg3 33. Qg2 Be5 34. Ne2 Rh6
35. h3 Rg6 36. Qf1 Bxe4 37. Bxe4 Nxe4 38. Rd3 Qb7 39. Qf3 f5 40. Rd8+ Kf7 41.
Rd3 Rg5 42. Re3 Kg6 43. Rd3 Qc6 44. Re3 Kh7 45. Rd3 b5 46. cxb5 axb5 47. a5 Qc7
48. a6 Qa5 49. a7 Bc7 50. Rd1 Be5 51. Qe3 Rg6 52. Qf3 Rh6 53. Bh2 Bxh2 54. Kxh2
Qxa7 55. Nf4 Qc7 56. Kg2 Qc2+ 57. Kg1 Ng5 58. Qd3 Qb2 59. Kh1 Qe5 60. Rf1 Ne4
61. Qe3 g5 62. Ne2 Kg6 63. Rg1 Rxh3+ 0-1

[Event "Mondiale Lampo FIDE 2019"]
[Site "Mosca"]
[Date "29.12.2019"]
[Round "9.14"]
[White "Petrosyan, Manuel"]
[Black "Amin, Bassem"]
[Result "1-0"]
[WhiteTitle "GM"]
[BlackTitle "GM"]
[WhiteElo "2613"]
[BlackElo "2683"]
[WhiteFideId "13300857"]
[BlackFideId "10601457"]
[EventDate "2019.12.29"]

1. c4 f5 2. Nc3 Nf6 3. Nf3 e6 4. g3 Be7 5. Bg2 O-O 6. O-O d6 7. d3 Qe8 8. Rb1
Qh5 9. e3 Nc6 10. b4 Bd7 11. b5 Nd8 12. Nd2 Qh6 13. f4 g5 14. Nf3 gxf4 15. exf4
Nf7 16. Ng5 Rab8 17. Re1 Ng4 18. h3 Nge5 19. Nxe6 Qxe6 20. Nd5 Bd8 21. fxe5 dxe5
22. Ba3 Re8 23. Qh5 Qg6 24. Qxg6+ hxg6 25. Bc5 Ra8 26. a4 c6 27. Nb4 Re6 28.
bxc6 bxc6 29. Na6 Ba5 30. Re2 Rd8 31. Reb2 Bc8 32. Nb8 Bc3 33. Rb3 Rxd3 34. Nxc6
Rxc6 35. Bxc6 Be6 36. Kh2 Bxc4 37. Rb8+ Kg7 38. Bf8+ Kf6 39. Bg2 e4 40. Rc8 Be6
41. Rc6 Be5 42. Rb7 Bxg3+ 43. Kg1 Rd1+ 44. Bf1 Ke5 45. Re7 Ng5 46. Bg7+ Kf4 47.
Bh6 Bd5 48. Rxg6 Kf3 49. Rxg5 Bf2+ 50. Kh2 Rxf1 51. Rxf5+ Ke2 52. Rxd5 e3 53.
Rde5 Kf3 54. Rf7+ Ke2 55. Rfe7 Kf3 56. Rf5+ Ke2 57. Bxe3 Bg3+ 58. Kxg3 Rxf5 59.
Bxa7+ 1-0

[Event "Mondiale Lampo FIDE 2019"]
[Site "Mosca"]
[Date "29.12.2019"]
[Round "9.15"]
[White "Adly, Ahmed"]
[Black "Christiansen, Johan-Sebastian"]
[Result "1-0"]
[WhiteTitle "GM"]
[BlackTitle "GM"]
[WhiteElo "2607"]
[BlackElo "2597"]
[WhiteFideId "10601619"]
[BlackFideId "1512668"]
[EventDate "2019.12.29"]

1. Nf3 d5 2. g3 g6 3. Bg2 Bg7 4. d4 Nf6 5. O-O O-O 6. c4 dxc4 7. Na3 Nc6 8. Nxc4
Be6 9. Nce5 Bd5 10. Bf4 Nh5 11. Be3 Nf6 12. Qa4 a5 13. Rfc1 e6 14. Nxc6 Bxc6 15.
Rxc6 bxc6 16. Ne5 Nd5 17. Nxc6 Qd6 18. Bg5 h6 19. Bd2 Ra6 20. Rc1 Kh7 21. Bxa5
Rfa8 22. b4 h5 23. e3 h4 24. Qc2 hxg3 25. hxg3 Bh6 26. Ne5 Nxe3 27. Qxc7 Qxc7
28. Rxc7 Nxg2 29. Rxf7+ Kg8 30. Kxg2 Rd6 31. Rf6 Bg7 32. Rxg6 Rxd4 33. Nc6 Rd2
34. b5 Rxa2 35. Bc3 Kf8 36. Rxg7 Rc2 37. Bd4 e5 38. Bxe5 Raa2 39. Rc7 Rxf2+ 40.
Kh3 Rh2+ 41. Kg4 Rhe2 42. b6 Ra4+ 43. Kf5 Rf2+ 1-0

[Event "Mondiale Lampo FIDE 2019"]
[Site "Mosca"]
[Date "29.12.2019"]
[Round "9.16"]
[White "Nepomniachtchi, Ian"]
[Black "Tomashevsky, Evgeny"]
[Result "1-0"]
[WhiteTitle "GM"]
[BlackTitle "GM"]
[WhiteElo "2767"]
[BlackElo "2705"]
[WhiteFideId "4168119"]
[BlackFideId "4147235"]
[EventDate "2019.12.29"]

1. e4 c6 2. Nf3 d5 3. d3 dxe4 4. dxe4 Qxd1+ 5. Kxd1 Nf6 6. Nfd2 h5 7. f3 h4 8.
a4 g6 9. a5 Bh6 10. Nc3 Be6 11. Nc4 Bxc1 12. Rxc1 Nbd7 13. Kd2 b5 14. axb6 axb6
15. Ke3 b5 16. Nd2 b4 17. Ne2 Ra2 18. Rb1 Nb6 19. Nf4 Bd7 20. Nd3 Na4 21. Nc4 c5
22. Nc1 1-0

[Event "Mondiale Lampo FIDE 2019"]
[Site "Mosca"]
[Date "29.12.2019"]
[Round "9.17"]
[White "Svidler, Peter"]
[Black "Petrosian, Tigran L."]
[Result "0-1"]
[WhiteTitle "GM"]
[BlackTitle "GM"]
[WhiteElo "2723"]
[BlackElo "2601"]
[WhiteFideId "4102142"]
[BlackFideId "13301616"]
[EventDate "2019.12.29"]

1. Nf3 g6 2. e4 Bg7 3. d4 d6 4. Nc3 a6 5. Be3 b5 6. h3 Bb7 7. Bd3 Nd7 8. a4 b4
9. Ne2 e5 10. d5 Ngf6 11. c3 bxc3 12. Nxc3 O-O 13. O-O c6 14. dxc6 Bxc6 15. Bc4
Nxe4 16. Nxe4 Bxe4 17. Ng5 d5 18. Bxd5 Bxd5 19. Qxd5 Nf6 20. Qc6 Qb8 21. Rab1
Rc8 22. Qf3 Qb4 23. Qd1 Rd8 24. Qe2 Qxa4 25. Rfc1 h6 26. Nf3 Nd5 27. Rc4 Qb5 28.
Bd2 Nb6 29. Re4 f5 30. Re3 e4 31. Ne1 Nc4 0-1

[Event "Mondiale Lampo FIDE 2019"]
[Site "Mosca"]
[Date "29.12.2019"]
[Round "9.18"]
[White "Shimanov, Aleksandr"]
[Black "Giri, Anish"]
[Result "0-1"]
[WhiteTitle "GM"]
[BlackTitle "GM"]
[WhiteElo "2587"]
[BlackElo "2769"]
[WhiteFideId "4198603"]
[BlackFideId "24116068"]
[EventDate "2019.12.29"]

1. e4 c5 2. Nc3 d6 3. Bb5+ Bd7 4. Bxd7+ Qxd7 5. d4 cxd4 6. Qxd4 Nc6 7. Qd3 g6 8.
Nf3 Bg7 9. O-O Nf6 10. Nd5 O-O 11. Bg5 Nh5 12. Rad1 h6 13. Bh4 Rae8 14. c3 f5
15. exf5 gxf5 16. Qd2 e5 17. Ne1 e4 18. f4 exf3 19. Nxf3 Re4 20. Bf2 Rfe8 21.
Rfe1 Qf7 22. b3 a6 23. c4 Ne5 24. Nxe5 Rxe1+ 25. Rxe1 dxe5 26. Qe2 Kh8 27. g3
Qg6 28. Kh1 Nf6 29. Nxf6 Qxf6 30. Rd1 Qc6+ 31. Kg1 f4 32. Rd5 fxg3 33. hxg3 e4
34. Be3 Qe6 35. Kg2 b5 36. Qh5 bxc4 37. bxc4 Rb8 38. Qf5 Rb2+ 39. Kh3 Qxf5+ 40.
Rxf5 Rxa2 41. c5 Rc2 42. Rf7 Rc3 43. Re7 Rxe3 44. c6 Rc3 45. c7 Kh7 46. Kg4 e3
47. Kf3 a5 0-1

[Event "Mondiale Lampo FIDE 2019"]
[Site "Mosca"]
[Date "29.12.2019"]
[Round "9.19"]
[White "Alonso Rosell, Alvar"]
[Black "Vachier-Lagrave, Maxime"]
[Result "0-1"]
[WhiteTitle "GM"]
[BlackTitle "GM"]
[WhiteElo "2548"]
[BlackElo "2780"]
[WhiteFideId "2270544"]
[BlackFideId "623539"]
[EventDate "2019.12.29"]

1. d4 Nf6 2. c4 b6 3. Nf3 Bb7 4. e3 g6 5. Be2 Bg7 6. O-O O-O 7. Nc3 e6 8. b3 d6
9. Bb2 Nbd7 10. Nd2 c5 11. Bf3 d5 12. cxd5 exd5 13. Ne2 Qe7 14. g3 Rfd8 15. Bg2
Rac8 16. Rc1 Ne4 17. Rc2 Ba6 18. Re1 Ndf6 19. dxc5 Nxf2 20. Qa1 Nd3 21. Nf4 Nxe1
22. Qxe1 bxc5 23. Bxf6 Qxf6 24. Nxd5 Qe6 25. Nf4 Qe8 26. Nc4 Bxc4 27. bxc4 Qa4
28. Qe2 Rb8 29. Nd5 Rb1+ 30. Bf1 Kh8 31. Kg2 Qxc2 32. Qxc2 Rb2 33. Qxb2 Bxb2 34.
Bd3 Be5 35. Bc2 Rb8 36. Bb3 Kg7 37. Kf3 h5 38. h3 f5 39. Ne7 Rb6 40. Nd5 Rd6 41.
a4 Rd8 42. a5 Rd6 43. Ne7 Ra6 44. Bc2 Rxa5 45. Nd5 Ra1 46. g4 hxg4+ 47. hxg4
fxg4+ 48. Kxg4 a5 49. Nb6 Rc1 50. Ba4 Rc3 51. Kf3 Bd4 52. Nd5 Ra3 53. Bb5 Bf6
54. Kf4 Ra1 55. Nb6 Bd8 56. Na4 Be7 57. Nb6 g5+ 58. Kg4 Kf7 59. Bc6 Rb1 60. Na4
Rb4 61. Bb5 Ke6 62. Nc3 Rb3 63. Nd5 Bd8 64. Be8 Ke5 65. Kf3 Ra3 66. Ke2 a4 67.
Kd2 g4 68. Bd7 g3 69. Nf4 Bg5 70. Nh3 Bxe3+ 71. Kc2 g2 0-1

[Event "Mondiale Lampo FIDE 2019"]
[Site "Mosca"]
[Date "29.12.2019"]
[Round "9.20"]
[White "Grischuk, Alexander"]
[Black "Golubov, Saveliy"]
[Result "1/2-1/2"]
[WhiteTitle "GM"]
[BlackTitle "IM"]
[WhiteElo "2777"]
[BlackElo "2469"]
[WhiteFideId "4126025"]
[BlackFideId "24176729"]
[EventDate "2019.12.29"]

1. e4 c5 2. Nf3 e6 3. d4 d5 4. Nc3 Nf6 5. Bg5 Be7 6. e5 Ne4 7. Bxe7 Qxe7 8. Bd3
Nxc3 9. bxc3 c4 10. Be2 Nc6 11. Qc1 O-O 12. O-O f6 13. Qe3 Bd7 14. Rfe1 Be8 15.
exf6 Rxf6 16. Ne5 Nxe5 17. Qxe5 Bg6 18. Bg4 Re8 19. Re2 Bf5 20. h3 Bxg4 21. hxg4
Qa3 22. Qg3 Qb2 23. Rae1 Qxa2 24. g5 Rff8 25. g6 hxg6 26. Qxg6 Re7 27. Rxe6 Ref7
28. Re8 Qa3 29. Rxf8+ Qxf8 30. Qe6 Qd8 31. Re5 Qd7 32. Qxd5 Qxd5 33. Rxd5 b6 34.
Kf1 Re7 35. Rd8+ Kf7 36. Rc8 Ke6 37. Rxc4 Kd5 38. Rb4 Kc6 39. c4 a5 40. Rb5 Ra7
41. d5+ Kc7 42. c5 bxc5 43. Rxc5+ Kd6 44. Rb5 a4 45. Ke2 a3 46. Rb1 Kxd5 47. Kd3
a2 48. Ra1 Ra3+ 49. c3 Kc5 50. f4 g6 51. g4 Ra4 52. f5 gxf5 53. gxf5 Ra5 54. f6
Ra6 55. f7 Rf6 56. Rxa2 Rxf7 57. Ra5+ Kc6 58. Rh5 Rf4 59. Kc2 Rg4 60. Kb3 Rf4
61. Rg5 Rh4 62. Kc2 Rf4 63. Kd3 Rh4 64. Re5 Rg4 65. Re4 Rg6 66. Kc4 Rh6 67. Rg4
Rh5 68. Rg6+ Kc7 69. Re6 Rf5 70. Kd4 Rh5 71. Re5 Rxe5 72. Kxe5 Kc6 73. Kd4 Kd6
74. c4 Kc6 75. c5 Kc7 76. Kd5 Kd7 77. c6+ Kc7 78. Kc5 Kc8 79. Kb5 Kc7 80. Kc5
Kc8 81. Kb6 Kb8 1/2-1/2